000
00277nam a22001217a 4500
020
_a
981-3005-48-3
082
_a
006.6 JON'H
100
_a
JONES, G.E
_9
62517
245
_a
HARVARD GRAPHICS INSTANT REFERENCE
260
_a
SINGAPORE
_b
TP
_c
1991
300
_a
4V
942
_c
BK
999
_c
571606
_d
571606